000 00360nam a2200145Ia 4500
008 230917s9999||||xx |||||||||||||| ||und||
040 _e143515
_aMAIN
041 _aEnglish
082 _a780.5 S58S
100 _aGarg, Laxminarayan
245 0 _aSangeeta: Asawari thath ank.
260 _aHathras
_bSangeet Karyalaya
_c1961
300 _a150p p.
942 _cBK
999 _c38495
_d38495